00461nam a2200181 a 450000100060000000300090000600800410001502000150005604000280007108200190009910000280011824500390014625000060018526000340019130000080022565000230023365000230025614010CO-ViMGA141112s2004 ck r 000 u spa d a8487520014 aCO-ViMGAbspacCO-ViMGA04a617.1027 C154q1 aCañizares M.Jose m., 10a524 ejercicios con balon medicinal a2 aSevilla : bWanceulen, c1997 a25414aeducación FISICA14aMEDICINA DEPORTIVA